000 01389cas a22003977a 4500
005 20220817043748.0
008 010305c fr br pernn 0 0b1fre d
010 _a83707
011 _a84679
022 _a0151-0517
035 _a95204
245 0 0 _aBulletin de la Société Entomologique de France
_c/par Société Entomologique de France
260 0 _aParis, France :
_bSociété Entomologique de France,
_c1872?-
300 _av.
310 _a5 núm. por vol.
362 1 _av.100 n.5, 1995
500 _aSe dejó de recibir a partir del v.100 n.5 de 1995.
590 _aBATCH-UPD
_b10
_c20130110
_lUCH01
_h1615
590 _aBATCH-UPD
_b10
_c20130410
_lUCH01
_h1010
590 _aBATCH-UPD
_b10
_c20130914
_lUCH01
_h1312
590 _aCONVERSION
_b10
_c20130109
_lUCH01
_h1347
650 1 4 _aEntomologia
_xPublicaciones periódicas.
866 _av.69 n.5-10 (1964)
866 _av.70 n.1-4,7-10 (1965)
866 _av.71 n.1-v.76 n.10 (1966-1971)
866 _av.77 n.1-6 (1972)
866 _av.78 n.1-v.87 n.10 (1973-1982)
866 _av.88 n.1-6,9-10 (1983)
866 _av.89 n.1-8 (1984)
866 _av.90 n.1-v.91 n.12 (1985-1986)
866 _av.94 n.1-10 (1989-1990)
866 _av.96 n.1-v.100 n.5 (1991-1995)
901 _aSE
905 _aMarco A. Mendoza T.
999 _c83707
_d83707